Online Catalogue and eLibrary

Continuing dilemmas : (Record no. 1021)

MARC details
000 -LEADER
fixed length control field 00455nam a2200169Ia 4500
005 - DATE AND TIME OF LATEST TRANSACTION
control field 20250128030214.0
008 - FIXED-LENGTH DATA ELEMENTS--GENERAL INFORMATION
fixed length control field 240331s9999 xx 000 0 und d
020 ## - INTERNATIONAL STANDARD BOOK NUMBER
ISBN 8185229635
082 ## - DDC Classification
Class No. 954
Item Number - Author Mark CHI
100 ## - MAIN ENTRY--PERSONAL NAME
Personal name Chandra,S
245 #0 - TITLE STATEMENT
Title Continuing dilemmas :
Remainder of title understanding social consciousness
260 ## - PUBLICATION, DISTRIBUTION, ETC.
Place of publication, distribution, etc. New Delhi
Name of publisher, distributor, etc. Tulika Publishers
Date of publication, distribution, etc. 2002
300 ## - PHYSICAL DESCRIPTION
Extent (e.g. Volumes, Pages etc.) xxxii, 321 p .,
650 ## - SUBJECT ADDED ENTRY--TOPICAL TERM
Topical term or geographic name entry element Indian Language
650 ## - SUBJECT ADDED ENTRY--TOPICAL TERM
Topical term or geographic name entry element Hindi Novels Refer
942 ## - Koha item type (Biblio)
Koha item type Books in Stacks (Lending)
Holdings
Lost status Damaged status Collection code Home library Current library Shelving location Date acquired Full call number Accession Number Item type
    Lending WERC Library WERC Library Social Science Cupboard 03/31/2024 954 CHI 4738 Books in Stacks (Lending)

© WERC Library